[Event "Riadh Rapid op"]
[Site "Riadh"]
[Date "2023.03.17"]
[Round "1"]
[White "Adil, Ali Jalal"]
[Black "Alsemairi, Dalia"]
[Result "1-0"]
[WhiteElo "2080"]
[BlackElo "1632"]
[PlyCount "51"]
[EventDate "2023.03.17"]
[EventType "swiss (rapid)"]
[EventRounds "9"]
[EventCountry "SAU"]
[SourceTitle "CBM 213 Extra"]
[Source "ChessBase"]
[SourceDate "2023.05.31"]
[SourceVersion "1"]
[SourceVersionDate "2023.05.31"]
[SourceQuality "1"]

1. e4 c6 2. d4 d5 3. exd5 cxd5 4. c4 Nf6 5. Nc3 e6 6. Nf3 Nc6 7. c5 Bd7 8. Bb5 a6 9. Ba4 Be7 10. 0-0 0-0 11. Re1 b6 12. cxb6 Qxb6 13. Rb1 Bb4 14. Bg5 Ne4 15. Nxe4 Bxe1 16. Nc5 Bxf2+ 17. Kxf2 Qc7 18. Nxd7 Qxd7 19. Ne5 Qd6 20. Nxc6 Qxh2 21. Qf3 h6 22. Bf4 Qh4+ 23. Qg3 Qf6 24. Kg1 g5 25. Be5 Qg6 26. Ne7+ 1-0

[Event "Riadh Rapid op"]
[Site "Riadh"]
[Date "2023.03.17"]
[Round "3"]
[White "Adil, Ali Jalal"]
[Black "Hamdouchi, Hicham"]
[Result "0-1"]
[WhiteElo "2080"]
[BlackElo "2526"]
[PlyCount "56"]
[EventDate "2023.03.17"]
[EventType "swiss (rapid)"]
[EventRounds "9"]
[EventCountry "SAU"]
[SourceTitle "CBM 213 Extra"]
[Source "ChessBase"]
[SourceDate "2023.05.31"]
[SourceVersion "1"]
[SourceVersionDate "2023.05.31"]
[SourceQuality "1"]

1. e4 c5 2. b4 cxb4 3. Nf3 d6 4. d4 Nf6 5. Nbd2 g6 6. a3 bxa3 7. Rxa3 Bg7 8. Bd3 0-0 9. 0-0 Nc6 10. h3 b6 11. Qe2 Nb4 12. Bc4 d5 13. exd5 Bb7 14. c3 Nbxd5 15. Re1 e6 16. Ba6 Bxa6 17. Qxa6 Qc7 18. c4 Nb4 19. Qa4 a5 20. Rc3 Rfb8 21. Bb2 Qd7 22. Qd1 Nc6 23. Rd3 b5 24. Ne5 Nxe5 25. dxe5 Qxd3 26. exf6 bxc4 27. Re3 Qd5 28. Re5 Qd8 0-1

[Event "Riadh Rapid op"]
[Site "Riadh"]
[Date "2023.03.17"]
[Round "2"]
[White "Saleem, Sawsan Ismail"]
[Black "Adil, Ali Jalal"]
[Result "0-1"]
[WhiteElo "1856"]
[BlackElo "2080"]
[PlyCount "66"]
[EventDate "2023.03.17"]
[EventType "swiss (rapid)"]
[EventRounds "9"]
[EventCountry "SAU"]
[SourceTitle "CBM 213 Extra"]
[Source "ChessBase"]
[SourceDate "2023.05.31"]
[SourceVersion "1"]
[SourceVersionDate "2023.05.31"]
[SourceQuality "1"]

1. c4 e6 2. Nc3 d5 3. g3 d4 4. Nb5 a6 5. Na3 c5 6. Bg2 Nf6 7. d3 Bd6 8. Nf3 0-0 9. 0-0 Nc6 10. e3 dxe3 11. Bxe3 e5 12. Qc2 Nb4 13. Qc3 Re8 14. Nc2 Nc6 15. Bg5 Nd4 16. Ne3 Ne2+ 17. Kh1 Nxc3 18. bxc3 h6 19. Bxf6 Qxf6 20. Nd5 Qg6 21. d4 exd4 22. cxd4 Be6 23. Nb6 Rad8 24. d5 Bg4 25. Rfe1 Qf6 26. Rxe8+ Rxe8 27. Nd7 Bxd7 28. Rb1 b5 29. cxb5 axb5 30. h4 Re2 31. Kg1 Bg4 32. Nh2 Qxf2+ 33. Kh1 Qxg2# 0-1

[Event "IRQ-ch"]
[Site "Baghdad"]
[Date "2018.06.30"]
[Round "6"]
[White "Adil, Ali Jalal"]
[Black "Noah, AH Al Ali"]
[Result "0-1"]
[WhiteElo "2094"]
[BlackElo "2288"]
[PlyCount "57"]
[EventDate "2018.06.27"]
[EventType "swiss"]
[EventRounds "11"]
[EventCountry "IRQ"]
[SourceTitle "EXT 2019"]
[Source "ChessBase"]
[SourceDate "2018.10.10"]
[SourceVersion "1"]
[SourceVersionDate "2018.10.10"]
[SourceQuality "1"]

1. c4 Nf6 2. Nc3 g6 3. Nf3 Bg7 4. g3 0-0 5. d4 d5 6. cxd5 Nxd5 7. Bg2 c5 8. 0-0 cxd4 9. Nxd4 Nxc3 10. bxc3 Nd7 11. Rb1 Rb8 12. Ba3 Re8 13. Qb3 a6 14. Rfd1 Qc7 15. Bd5 e6 16. Nxe6 fxe6 17. Bxe6+ Kh8 18. Bf7 Rf8 19. Bd6 Qc6 20. Bxf8 Bxf8 21. Be8 Be7 22. Rd3 Qc7 23. Re3 Ne5 24. Qd5 Bf6 25. Ba4 Bf5 26. Rb4 b5 27. Bb3 Rd8 28. Qg2 Nc4 29. Rd3 0-1

[Event "IRQ-ch"]
[Site "Baghdad"]
[Date "2017.08.14"]
[Round "8"]
[White "Taleb, Salem Hatam"]
[Black "Adil, Ali Jalal"]
[Result "1-0"]
[WhiteElo "2058"]
[BlackElo "2141"]
[PlyCount "44"]
[EventDate "2017.08.10"]
[EventType "swiss"]
[EventRounds "11"]
[EventCountry "IRQ"]
[SourceTitle "CBM 180 Extra"]
[Source "ChessBase"]
[SourceDate "2017.10.06"]
[SourceVersion "1"]
[SourceVersionDate "2017.10.06"]
[SourceQuality "1"]

1. Nf3 d5 2. d4 e6 3. Nc3 Nf6 4. Bg5 c5 5. e3 Nc6 6. Ne5 h6 7. Bh4 Qb6 8. Bxf6 gxf6 9. Nxc6 bxc6 10. Na4 Qa5+ 11. c3 cxd4 12. exd4 Rb8 13. Rb1 c5 14. Nxc5 Bxc5 15. dxc5 Qxa2 16. b4 a5 17. Bd3 axb4 18. cxb4 h5 19. 0-0 e5 20. Qf3 Ke7 21. Ra1 e4 22. Qf4 Qxf2+ 1-0

[Event "IRQ-ch"]
[Site "Baghdad"]
[Date "2017.08.12"]
[Round "4"]
[White "Abdulwahhab, Ahmed Abdulsattar"]
[Black "Adil, Ali Jalal"]
[Result "1-0"]
[WhiteElo "2233"]
[BlackElo "2141"]
[PlyCount "105"]
[EventDate "2017.08.10"]
[EventType "swiss"]
[EventRounds "11"]
[EventCountry "IRQ"]
[SourceTitle "CBM 180 Extra"]
[Source "ChessBase"]
[SourceDate "2017.10.06"]
[SourceVersion "1"]
[SourceVersionDate "2017.10.06"]
[SourceQuality "1"]

1. e4 Nf6 2. e5 Nd5 3. d4 d6 4. Nf3 c6 5. c4 Nb6 6. Be2 Bg4 7. Ng5 Bxe2 8. Qxe2 h6 9. Nf3 dxe5 10. dxe5 e6 11. 0-0 Be7 12. Nc3 N8d7 13. Bf4 g5 14. Be3 Qc7 15. Bd4 g4 16. Nd2 0-0-0 17. a4 Nc5 18. Bxc5 Bxc5 19. a5 Nd7 20. Nb3 Bb4 21. a6 Qxe5 22. axb7+ Kxb7 23. Qxg4 Qg5 24. Qe2 Rhg8 25. g3 Qg4 26. Qe3 Nb6 27. Ne4 Qf5 28. Nec5+ Ka8 29. Nxe6 Rb8 30. Nc7+ Kb7 31. Na6 Rbe8 32. Qd4 Rd8 33. Qh4 Rd3 34. Nxb4 Rxb3 35. Rfd1 Re8 36. c5 Re2 37. Rf1 Qxc5 38. Na6 Qe5 39. Rfc1 Qf5 40. Nc5+ Kc8 41. Qd4 Rbe3 42. Rf1 Re5 43. b4 Qf6 44. Qd3 Qe7 45. Qa6+ Kb8 46. Rad1 Rd5 47. Rxd5 cxd5 48. Qa1 Qe5 49. Qc1 Qg5 50. Qc3 Qe5 51. Qf3 f6 52. Kg2 Nc4 53. Nd7+ 1-0

[Event "Baghdad op 4th"]
[Site "Baghdad"]
[Date "2016.03.21"]
[Round "3"]
[White "Adil, Ali Jalal"]
[Black "Danar Jamaj, Qadir Ghaffoori"]
[Result "0-1"]
[WhiteElo "2153"]
[BlackElo "1991"]
[PlyCount "78"]
[EventDate "2016.03.20"]
[EventType "swiss"]
[EventRounds "9"]
[EventCountry "IRQ"]
[SourceTitle "EXT 2017"]
[Source "ChessBase"]
[SourceDate "2016.10.25"]
[SourceVersion "1"]
[SourceVersionDate "2016.10.25"]
[SourceQuality "1"]

1. e4 e5 2. Nf3 Nc6 3. Bb5 a6 4. Ba4 Nf6 5. d3 d6 6. 0-0 Be7 7. c3 0-0 8. h3 b5 9. Bc2 Bb7 10. Re1 Nb8 11. d4 Nbd7 12. Nbd2 Re8 13. Nf1 Bf8 14. Ng3 g6 15. b3 c5 16. Bb2 Qc7 17. a4 Rec8 18. Bd3 c4 19. bxc4 bxc4 20. Bc2 Rab8 21. Ba3 Re8 22. Qd2 Rbd8 23. Rab1 Bc6 24. Nh2 d5 25. Bxf8 Rxf8 26. dxe5 Nxe5 27. exd5 Nxd5 28. Qd4 Rfe8 29. Ne4 f5 30. Ng5 Nb4 31. Qc5 Nxc2 32. Re2 Qd6 33. Qa7 Qe7 34. Qxe7 Rxe7 35. Rxc2 h6 36. Ngf3 Be4 37. Nxe5 Rxe5 38. Rcc1 Bxb1 39. Rxb1 Red5 0-1

[Event "IRQ-ch final"]
[Site "Baghdad"]
[Date "2013.08.13"]
[Round "1"]
[White "Noah, AH Al Ali"]
[Black "Adil, Ali Jalal"]
[Result "1-0"]
[WhiteElo "2398"]
[BlackElo "2226"]
[PlyCount "79"]
[EventDate "2013.08.12"]
[EventType "tourn"]
[EventRounds "11"]
[EventCountry "IRQ"]
[SourceTitle "EXT 2018"]
[Source "ChessBase"]
[SourceDate "2017.10.13"]
[SourceVersion "1"]
[SourceVersionDate "2017.10.13"]
[SourceQuality "1"]

1. e4 Nf6 2. e5 Nd5 3. d4 d6 4. Nf3 g6 5. Bc4 c6 6. Nc3 Nxc3 7. bxc3 Bg7 8. Ng5 0-0 9. Qf3 d5 10. Bd3 c5 11. h4 c4 12. Be2 f6 13. exf6 exf6 14. Nh3 Bf5 15. h5 Re8 16. hxg6 hxg6 17. Nf4 Be4 18. Qh3 Kf7 19. Rb1 b6 20. Be3 Rh8 21. Qe6+ Kf8 22. Rxh8+ Bxh8 23. Bxc4 Qd7 24. Bxd5 Bxd5 25. Qxd5 Qxd5 26. Nxd5 Nd7 27. Kd2 Kf7 28. a4 Rc8 29. Kd3 Bg7 30. c4 Bf8 31. a5 Rc6 32. axb6 axb6 33. Ra1 Bd6 34. Ra7 Ke8 35. Ra8+ Kf7 36. Rd8 Nf8 37. Bf4 Bxf4 38. Nxf4 g5 39. d5 Rc7 40. Rxf8+ 1-0

[Event "IRQ-ch op 2nd"]
[Site "Baghdad"]
[Date "2013.03.12"]
[Round "9"]
[White "Adil, Ali Jalal"]
[Black "Al Rufaye, Iman Hasan Mohammed"]
[Result "1/2-1/2"]
[WhiteElo "2270"]
[BlackElo "2156"]
[PlyCount "116"]
[EventDate "2013.03.06"]
[EventType "swiss"]
[EventRounds "9"]
[EventCountry "IRQ"]
[SourceTitle "CBM 153 Extra"]
[Source "ChessBase"]
[SourceDate "2013.04.22"]
[SourceVersion "1"]
[SourceVersionDate "2013.04.22"]
[SourceQuality "1"]

1. e4 e5 2. Nf3 Nc6 3. Bc4 Bc5 4. b4 Bxb4 5. c3 Ba5 6. d4 exd4 7. 0-0 h6 8. cxd4 d6 9. Qb3 Qf6 10. e5 dxe5 11. d5 Nd4 12. Nxd4 exd4 13. Qa4+ c6 14. Qxa5 Ne7 15. d6 Nf5 16. Re1+ Be6 17. Ba3 0-0 18. Bxe6 fxe6 19. Nd2 b6 20. Qa4 c5 21. Qb3 Rfe8 22. Ne4 Qd8 23. Rad1 Nxd6 24. Rxd4 cxd4 25. Nxd6 Qd7 26. Nxe8 Rxe8 27. Qd3 e5 28. Bc1 Qd5 29. Bxh6 gxh6 30. Qg6+ Kf8 31. Qxh6+ Kf7 32. Qh5+ Kf8 33. f4 d3 34. Qf5+ Qf7 35. Qxf7+ Kxf7 36. fxe5 Ke6 37. Rd1 Rd8 38. Kf2 Kxe5 39. Ke3 Rh8 40. h3 b5 41. Rxd3 a6 42. a3 Rh4 43. Kf3 Rh6 44. Re3+ Kf6 45. Re4 Kf7 46. a4 Rf6+ 47. Ke3 Rg6 48. g4 Rh6 49. Rf4+ Kg7 50. Rf3 bxa4 51. Kd4 Rb6 52. Kc4 a5 53. Rc3 Rb4+ 54. Kd3 Kg6 55. Kc2 Kh6 56. Rc5 Rb3 57. h4 Rb4 58. g5+ Kh5 1/2-1/2

[Event "IRQ-ch op 2nd"]
[Site "Baghdad"]
[Date "2013.03.07"]
[Round "2"]
[White "Al Fayyadh, Zainab Asif Abdulah"]
[Black "Adil, Ali Jalal"]
[Result "1/2-1/2"]
[WhiteElo "1609"]
[BlackElo "2270"]
[PlyCount "70"]
[EventDate "2013.03.06"]
[EventType "swiss"]
[EventRounds "9"]
[EventCountry "IRQ"]
[SourceTitle "CBM 153 Extra"]
[Source "ChessBase"]
[SourceDate "2013.04.22"]
[SourceVersion "1"]
[SourceVersionDate "2013.04.22"]
[SourceQuality "1"]

1. e4 d5 2. exd5 Nf6 3. d4 Nxd5 4. Nf3 g6 5. Bc4 Bg7 6. 0-0 0-0 7. h3 Nc6 8. Bb3 Na5 9. Bxd5 Qxd5 10. Nc3 Qd8 11. Be3 Nc4 12. Rb1 c5 13. Qd3 Nxe3 14. fxe3 cxd4 15. exd4 Bf5 16. Qd2 Qd6 17. Rfe1 Rad8 18. Rbd1 Rfe8 19. Qf2 Qf4 20. Ne2 Qc7 21. c3 h6 22. Qg3 Qa5 23. Nc1 Be6 24. a3 Bd5 25. Nd3 Qb6 26. Nb4 Bxf3 27. Qxf3 e5 28. Rf1 exd4 29. Qxf7+ Kh8 30. Kh1 Rf8 31. Qe7 Rxf1+ 32. Rxf1 a5 33. Rf7 dxc3 34. Nd5 Rxd5 35. Qe8+ Kh7 1/2-1/2

[Event "IRQ Oly-ch"]
[Site "Baghdad"]
[Date "2013.02.14"]
[Round "3"]
[White "Adil, Ali Jalal"]
[Black "Khaled, Khudayr"]
[Result "1/2-1/2"]
[WhiteElo "2270"]
[BlackElo "2135"]
[PlyCount "57"]
[EventDate "2013.02.13"]
[EventType "team"]
[EventRounds "7"]
[EventCountry "IRQ"]
[SourceTitle "EXT 2014"]
[Source "ChessBase"]
[SourceDate "2013.11.20"]
[SourceVersion "1"]
[SourceVersionDate "2013.11.20"]
[SourceQuality "1"]

1. e4 e5 2. Bc4 Nf6 3. d3 c6 4. Nf3 d5 5. Bb3 Bg4 6. h3 Bh5 7. exd5 Nxd5 8. g4 Bg6 9. Nxe5 Be7 10. Nxg6 hxg6 11. Nc3 Nxc3 12. bxc3 0-0 13. Qf3 Bf6 14. Bd2 a5 15. a4 Nd7 16. d4 c5 17. dxc5 Nxc5 18. Bd5 Qd7 19. Rd1 Nxa4 20. h4 Rad8 21. c4 Nb6 22. Bxa5 Rde8+ 23. Kf1 Nxd5 24. Rxd5 Qa4 25. Qb3 Qc6 26. h5 Re4 27. hxg6 Qxc4+ 28. Qxc4 Rxc4 29. g5 1/2-1/2

[Event "IRQ Oly-ch"]
[Site "Baghdad"]
[Date "2013.02.14"]
[Round "2"]
[White "Nameer, Noor Al Deen"]
[Black "Adil, Ali Jalal"]
[Result "1-0"]
[WhiteElo "2262"]
[BlackElo "2270"]
[PlyCount "61"]
[EventDate "2013.02.13"]
[EventType "team"]
[EventRounds "7"]
[EventCountry "IRQ"]
[SourceTitle "EXT 2014"]
[Source "ChessBase"]
[SourceDate "2013.11.20"]
[SourceVersion "1"]
[SourceVersionDate "2013.11.20"]
[SourceQuality "1"]

1. c4 Nf6 2. Nc3 e6 3. e4 d5 4. e5 d4 5. exf6 dxc3 6. fxg7 cxd2+ 7. Bxd2 Bxg7 8. Qb3 Nc6 9. 0-0-0 Bd7 10. Nf3 Qf6 11. Bg5 Bh6 12. h4 0-0-0 13. Kb1 Bxg5 14. hxg5 Qg7 15. Bd3 h6 16. gxh6 Qxg2 17. Be4 f5 18. Rh2 Qg8 19. Bc2 Qg6 20. Qe3 Rdg8 21. b4 Qf6 22. b5 f4 23. Qd2 Nb8 24. h7 Rd8 25. Qd4 Qe7 26. Ne5 Qb4+ 27. Qb2 Qxb2+ 28. Kxb2 Be8 29. Rxd8+ Kxd8 30. Rg2 Nd7 31. Nxd7 1-0

[Event "Amman tt"]
[Site "Amman"]
[Date "2008.06.27"]
[Round "7"]
[White "Al Qudaimi, Basheer"]
[Black "Adil, Ali Jalal"]
[Result "1-0"]
[WhiteElo "2439"]
[BlackElo "2212"]
[PlyCount "55"]
[EventDate "2008.06.21"]
[EventType "team"]
[EventRounds "8"]
[EventCountry "JOR"]
[SourceTitle "CBM 125 Extra"]
[Source "ChessBase"]
[SourceDate "2008.09.01"]
[SourceVersion "1"]
[SourceVersionDate "2008.09.01"]
[SourceQuality "1"]

1. e4 e6 2. d4 d5 3. Nd2 dxe4 4. Nxe4 Be7 5. Nf3 Nf6 6. Bd3 Nbd7 7. c3 c5 8. 0-0 0-0 9. Qe2 b6 10. dxc5 Nxc5 11. Nxc5 bxc5 12. Bf4 Bb7 13. Rfd1 Qb6 14. Ne5 Rfd8 15. Rd2 a5 16. Rad1 a4 17. a3 Bd5 18. c4 Bb7 19. Bg5 h6 20. Be3 Bd6 21. Ng4 Nxg4 22. Qxg4 Kh8 23. Qh5 Qc7 24. Bxh6 Bxh2+ 25. Kh1 Rxd3 26. Bg5+ Kg8 27. Rxd3 f6 28. Rd7 1-0

[Event "Olympiad-36"]
[Site "Mallorca"]
[Date "2004.10.20"]
[Round "6"]
[White "Adil, Ali Jalal"]
[Black "Juarez Flores, Jorge Guillermo"]
[Result "1-0"]
[WhiteElo "2270"]
[BlackElo "2221"]
[PlyCount "79"]
[EventDate "2004.10.15"]
[EventType "team-swiss"]
[EventRounds "14"]
[EventCountry "ESP"]
[SourceTitle "CBM 104"]
[Source "ChessBase"]
[SourceDate "2005.01.27"]
[SourceVersion "1"]
[SourceVersionDate "2005.01.27"]
[SourceQuality "1"]
[WhiteTeam "Iraq"]
[BlackTeam "Guatemala"]
[WhiteTeamCountry "IRQ"]
[BlackTeamCountry "GUA"]

1. d4 d5 2. Nf3 Nf6 3. e3 e6 4. Bd3 Bd6 5. Nbd2 Nbd7 6. e4 dxe4 7. Nxe4 Nxe4 8. Bxe4 Nf6 9. Bg5 h6 10. Bxf6 Qxf6 11. Qe2 0-0 12. 0-0-0 c5 13. dxc5 Bxc5 14. Kb1 Re8 15. Rhf1 Kh8 16. Qb5 Qe7 17. Ne5 Rf8 18. Nd7 Bxd7 19. Rxd7 Qg5 20. f4 Qh5 21. Bf3 Qf5 22. g4 a6 23. Qc4 Qf6 24. Qxc5 Qxf4 25. Qf2 Rad8 26. Rxd8 Rxd8 27. Be2 Qe5 28. Bd3 f6 29. Re1 Qd6 30. Qe2 f5 31. gxf5 exf5 32. Bxf5 Rf8 33. Bd3 Qc7 34. h4 Qf4 35. Rf1 Qd6 36. Rxf8+ Qxf8 37. Qe4 g6 38. Qxg6 Qg7 39. Qxg7+ Kxg7 40. h5 1-0

[Event "Tehran zt 3.1"]
[Site "Tehran"]
[Date "1997.??.??"]
[Round "7"]
[White "Adil, Ali Jalal"]
[Black "Abdulghafour, Yousef"]
[Result "0-1"]
[WhiteElo "2265"]
[BlackElo "2180"]
[PlyCount "92"]
[EventDate "1997.??.??"]
[EventType "swiss"]
[EventRounds "11"]
[EventCountry "IRI"]
[SourceTitle "EXT 2003"]
[Source "ChessBase"]
[SourceDate "2002.11.25"]
[SourceVersion "1"]
[SourceVersionDate "2002.11.25"]
[SourceQuality "1"]

1. e4 c5 2. b4 cxb4 3. a3 e5 4. Nf3 Nc6 5. axb4 Bxb4 6. c3 Bc5 7. Bc4 Nf6 8. d3 0-0 9. 0-0 h6 10. d4 Bd6 11. dxe5 Nxe5 12. Nxe5 Bxe5 13. f4 Bc7 14. Qf3 d6 15. h3 Bd7 16. Bd3 Bc6 17. c4 Re8 18. Nc3 Bb6+ 19. Be3 Bxe3+ 20. Qxe3 Nxe4 21. Bxe4 f5 22. Qd4 fxe4 23. Nd5 e3 24. Rae1 e2 25. Rf2 Qa5 26. Rfxe2 Rxe2 27. Rxe2 Bxd5 28. cxd5 Qc5 29. Qxc5 dxc5 30. Re7 b6 31. Rb7 Rd8 32. Rxa7 Rxd5 33. Rb7 Rd6 34. Kf2 Rc6 35. Ke3 c4 36. Kd2 c3+ 37. Kc2 h5 38. g4 h4 39. f5 Kh7 40. Rb8 g6 41. fxg6+ Kxg6 42. Rf8 b5 43. Rf5 b4 44. Rb5 Rc4 45. Rb6+ Kg5 46. Rb5+ Kf4 0-1